000 00736nam a2200217Ia 4500
008 131103s9999 xx 000 0 und d
020 _a8170556228
_cRs.225.00
040 _aLoreto College
041 _aEnglish
082 _a891.431/AGY-SIN
_bLCLIB/HinSemLib 751/48334
100 _aSingh, Bharat
245 _aKavi kahanikar Agyeya aur Muktibodh
_b Samvedna aur drishti
_cBharat Singh
260 _aNew Delhi
_bBani Prakashan
_c1998
300 _a248p
_c 22cm
504 _aIncludes bibliographical references
630 _aAgyeya-Criticism and interpretation
650 _aMuktibodh-Criticism and interpretation
651 _aHindi literature-Criticism and interpretation
850 _aLCLIB/891.431/AGY-SIN
942 _cBK
999 _c36858
_d87337